Los derechos humanos son la paz

Esta obra pretende constribuir a la formación de jóvenes en el conocimiento, comprensión significado, fundamentos y bases legislativas de los derechos humanos. Con el animo de que esto les permitaacceder con mas conciencia a una mayor participación e integración en la sociedad y en las decisiones qu...

Deskribapen osoa

Gorde:
Xehetasun bibliografikoak
Egile nagusia: LEAL MEJIA, Oscar Hernán
Formatua: Liburua
Hizkuntza:Spanish
Argitaratua: Bogotá: 2006
Edizioa:2a. ed.
Gaiak:
Sarrera elektronikoa:Enlace del recurso
Etiketak: Etiketa erantsi
Etiketarik gabe, Izan zaitez lehena erregistro honi etiketa jartzen!

MARC

LEADER 00000nam a2200000 a 4500
001 001488
008 081212p2006 ck spa
020 |a 978-958-9460-08-5 
082 0 4 |a 323.407/  |b L435d 
100 1 |a LEAL MEJIA, Oscar Hernán 
245 1 4 |a Los derechos humanos son la paz 
250 |a 2a. ed. 
260 |a Bogotá:  |c 2006 
300 |a 132p. 
520 |a Esta obra pretende constribuir a la formación de jóvenes en el conocimiento, comprensión significado, fundamentos y bases legislativas de los derechos humanos. Con el animo de que esto les permitaacceder con mas conciencia a una mayor participación e integración en la sociedad y en las decisiones que esa deba tomar para la construcción y consolidación de la democracía y la paz.  
650 1 |a DERECHOS HUMANOS  
650 |a PAZ 
650 |a DERECHOS HUMANOS --  |x LEGISLACIÓN 
999 |c 3640  |d 3640 
856 |u https://catalogo.idep.edu.co/cgi-bin/koha/opac-detail.pl?biblionumber=3640  |z Enlace del recurso